The management of innovation/

Na minha lista:
Detalhes bibliográficos
Autor principal: Burns, Tom
Outros Autores: Stalker, G. M.
Formato: Livro
Publicado em: London: Tavistock, c1961.
Assuntos:
Tags: Adicionar Tag
Sem tags, seja o primeiro a adicionar uma tag!

MARC

LEADER 00000nam a22000007a 4500
005 20251001110710.0
020 |a 042272050X  |c TZS 12,000/= 
040 |a MCCL  |b eng.  |e AACR 2nd rev. ed. 
082 |a 658.403 BUR 
100 |a Burns, Tom 
245 |a The management of innovation/  |c Tom Burns and G. M. Stalker. 
260 |a London:  |b Tavistock,  |c c1961. 
300 |a xxii, 269p.:  |b ill.;  |c 22cm. 
504 |a Includes bibliographic references and indexes 
546 |a eng. 
650 |a Organisation of innovation 
650 |a Management conduct 
650 |a Management structure 
700 |a Stalker, G. M. 
942 |c BK 
999 |c 11499  |d 11499